Movies Quiz

Random Movies or Director Quiz
Score 0/90 Timer 17:00
1 Play Today
Combo # & Film Name Director % Correct
117 - Schindler's ListSteven Spielberg (117-217-307)
84.1%
217 - Raiders of the Lost ArkSteven Spielberg (117-217-307)
83.9%
307 - E.T.: The Extra TerrestrialSteven Spielberg (117-217-307)
83.9%
123 - The Sixth SenseM. Night Shyamalan (123-219-325)
72.8%
219 - SignsM. Night Shyamalan (123-219-325)
72.8%
325 - UnbreakableM. Night Shyamalan (123-219-325)
72.8%
114 - InceptionChristopher Nolan (114-213-321)
67.6%
213 - MementoChristopher Nolan (114-213-321)
67.6%
321 - The Dark KnightChristopher Nolan (114-213-321)
67.6%
106 - FargoJoel & Ethan Coen (106-223-304)
66%
223 - The Big LebowskiJoel & Ethan Coen (106-223-304)
66%
304 - Burn After ReadingJoel & Ethan Coen (106-223-304)
66%
104 - ClerksKevin Smith (104-208-329)
64%
208 - Chasing AmyKevin Smith (104-208-329)
64%
329 - Zack and Miri Make a PornoKevin Smith (104-208-329)
64%
127 - TitanicJames Cameron (127-222-320)
63.9%
222 - Terminator 2: Judgment DayJames Cameron (127-222-320)
63.9%
320 - The AbyssJames Cameron (127-222-320)
63.9%
105 - Ed WoodTim Burton (105-205-308)
62.4%
205 - BatmanTim Burton (105-205-308)
62.4%
308 - Edward ScissorhandsTim Burton (105-205-308)
62.4%
115 - Lock, Stock and Two Smoking BarrelsGuy Ritchie (115-221-316)
58.9%
221 - Snatch.Guy Ritchie (115-221-316)
58.9%
316 - Sherlock HolmesGuy Ritchie (115-221-316)
58.9%
116 - PlatoonOliver Stone (116-212-326)
55.7%
212 - JFKOliver Stone (116-212-326)
55.7%
326 - Wall StreetOliver Stone (116-212-326)
55.7%
107 - Ferris Bueller's Day OffJohn Hughes (107-224-314)
51.9%
224 - The Breakfast ClubJohn Hughes (107-224-314)
51.9%
314 - Planes, Trains and AutomobilesJohn Hughes (107-224-314)
51.9%
Combo # & Film Name Director % Correct
128 - TrainspottingDanny Boyle (128-220-301)
49.8%
220 - Slumdog MillionaireDanny Boyle (128-220-301)
49.8%
301 - 127 HoursDanny Boyle (128-220-301)
49.8%
118 - Se7enDavid Fincher (118-211-323)
49.4%
211 - Fight ClubDavid Fincher (118-211-323)
49.4%
323 - The Social NetworkDavid Fincher (118-211-323)
49.4%
111 - GoodfellasMartin Scorsese (111-203-306)
48.1%
203 - Alice Doesn't Live Here AnymoreMartin Scorsese (111-203-306)
48.1%
306 - CasinoMartin Scorsese (111-203-306)
48.1%
120 - Sucker PunchZack Snyder (120-228-300)
45.8%
228 - WatchmenZack Snyder (120-228-300)
45.8%
300 - 300Zack Snyder (120-228-300)
45.8%
103 - Being John MalkovichSpike Jonze (103-202-327)
43.2%
202 - Adaptation.Spike Jonze (103-202-327)
43.2%
327 - Where the Wild Things AreSpike Jonze (103-202-327)
43.2%
119 - Strictly BallroomBaz Luhrmann (119-218-313)
42.7%
218 - Romeo+JulietBaz Luhrmann (119-218-313)
42.7%
313 - Moulin Rouge!Baz Luhrmann (119-218-313)
42.7%
108 - Forrest GumpRobert Zemeckis (108-204-328)
42.1%
204 - Back to the FutureRobert Zemeckis (108-204-328)
42.1%
328 - Who Framed Roger RabbitRobert Zemeckis (108-204-328)
42.1%
121 - The Outlaw Josey WalesClint Eastwood (121-225-310)
40.5%
225 - The Bridges of Madison CountyClint Eastwood (121-225-310)
40.5%
310 - High Plains DrifterClint Eastwood (121-225-310)
40.5%
100 - Apollo 13Ron Howard (100-216-303)
38%
216 - ParenthoodRon Howard (100-216-303)
38%
303 - BackdraftRon Howard (100-216-303)
38%
126 - There's Something About MaryBobby & Peter Farrelly (126-210-315)
37.7%
210 - Fever PitchBobby & Peter Farrelly (126-210-315)
37.7%
315 - Shallow HalBobby & Peter Farrelly (126-210-315)
37.7%
Combo # & Film Name Director % Correct
101 - Army of DarknessSam Raimi (101-201-317)
34.7%
201 - A Simple PlanSam Raimi (101-201-317)
34.7%
317 - Spider-ManSam Raimi (101-201-317)
34.7%
122 - The Shawshank RedemptionFrank Darabont (122-226-322)
34%
226 - The Green MileFrank Darabont (122-226-322)
34%
322 - The MajesticFrank Darabont (122-226-322)
34%
125 - The Usual SuspectsBryan Singer (125-229-319)
33.3%
229 - X-MenBryan Singer (125-229-319)
33.3%
319 - Superman ReturnsBryan Singer (125-229-319)
33.3%
112 - HalloweenJohn Carpenter (112-227-318)
33.3%
227 - The ThingJohn Carpenter (112-227-318)
33.3%
318 - StarmanJohn Carpenter (112-227-318)
33.3%
113 - Home AloneChris Columbus (113-214-309)
32.4%
214 - Mrs. DoubtfireChris Columbus (113-214-309)
32.4%
309 - Harry Potter & the Chamber of SecretsChris Columbus (113-214-309)
32.4%
110 - Good Will HuntingGus Van Sant (110-215-311)
30.9%
215 - My Own Private IdahoGus Van Sant (110-215-311)
30.9%
311 - MilkGus Van Sant (110-215-311)
30.9%
129 - When Harry Met SallyRob Reiner (129-200-312)
26.8%
200 - A Few Good MenRob Reiner (129-200-312)
26.8%
312 - MiseryRob Reiner (129-200-312)
26.8%
102 - AwakeningsPenny Marshall (102-206-302)
26.4%
206 - BigPenny Marshall (102-206-302)
26.4%
302 - A League of Their OwnPenny Marshall (102-206-302)
26.4%
124 - The UntouchablesBrian De Palma (124-207-305)
25.4%
207 - Carlito's WayBrian De Palma (124-207-305)
25.4%
305 - CarrieBrian De Palma (124-207-305)
25.4%
109 - GhostbustersIvan Reitman (109-209-324)
23.3%
209 - DaveIvan Reitman (109-209-324)
23.3%
324 - TwinsIvan Reitman (109-209-324)
23.3%
Remove Ads.
Support Sporcle.
Get the best of Sporcle when you Go Orange. This ad-free experience offers more features, more stats, and more fun while also helping to support Sporcle. Thank you for becoming a member.

You're not logged in!

Compare scores with friends on all Sporcle quizzes.
OR
Log In

Sporcle TV

Today on Sporcle TV


Watch our educational content, quiz creation guides, and fun videos on Sporcle TV.

Show Comments

Extras

Top Quizzes Today


Score Distribution

Paid Content

Your Account Isn't Verified!

In order to create a playlist on Sporcle, you need to verify the email address you used during registration. Go to your Sporcle Settings to finish the process.

Report this User

Report this user for behavior that violates our Community Guidelines.

Details: